UM Logo

Shotokan karate : (Record no. 23189)

MARC details
000 -LEADER
fixed length control field 00672nam a22001817a 4500
005 - DATE AND TIME OF LATEST TRANSACTION
control field 20241114173640.0
008 - FIXED-LENGTH DATA ELEMENTS--GENERAL INFORMATION
fixed length control field 241113b |||||||| |||| 00| 0 eng d
020 ## - INTERNATIONAL STANDARD BOOK NUMBER
International Standard Book Number 9786214181643
082 ## - DEWEY DECIMAL CLASSIFICATION NUMBER
Classification number DFil 796.8153 F847 2020
100 ## - MAIN ENTRY--PERSONAL NAME
Personal name Francisco, Greg Mabbayad.
9 (RLIN) 64040
245 ## - TITLE STATEMENT
Title Shotokan karate :
Remainder of title a guide in the fundamentals of martial arts with disarming techniques for criminology students /
Statement of responsibility, etc. Greg Mabbayad Francisco.
260 ## - PUBLICATION, DISTRIBUTION, ETC. (IMPRINT)
Place of publication, distribution, etc. Quezon city :
Name of publisher, distributor, etc. Wiseman's Books Trading, Inc.,
Date of publication, distribution, etc. ©2020.
300 ## - PHYSICAL DESCRIPTION
Extent v, 95 pages :
Other physical details illustrations ;
Dimensions 23 cm.
500 ## - GENERAL NOTE
General note Includes references.
650 #0 - SUBJECT ADDED ENTRY--TOPICAL TERM
Topical term or geographic name as entry element Martial arts.
9 (RLIN) 64134
650 #0 - SUBJECT ADDED ENTRY--TOPICAL TERM
Topical term or geographic name as entry element Karate.
9 (RLIN) 64135
942 ## - ADDED ENTRY ELEMENTS (KOHA)
Source of classification or shelving scheme Dewey Decimal Classification
Koha item type Filipiniana
Holdings
Withdrawn status Lost status Source of classification or shelving scheme Damaged status Not for loan Collection code Home library Current library Date acquired Source of acquisition Cost, normal purchase price Total Checkouts Full call number Barcode Date last seen Copy number Price effective from Koha item type
    Dewey Decimal Classification     Filipiniana UM Digos College - LIC UM Digos College - LIC 08/20/2024 Purchased 566.00   DFil 796.8153 F847 2020 28562 05/15/2025 2 11/13/2024 Filipiniana
    Dewey Decimal Classification     Filipiniana UM Digos College - LIC UM Digos College - LIC 08/20/2024 Purchased 566.00   DFil 796.8153 F847 2020 28561 05/15/2025 1 11/13/2024 Filipiniana